<?xml version="1.0" encoding="UTF-8"?>
<record
    xmlns:xsi="http://www.w3.org/2001/XMLSchema-instance"
    xsi:schemaLocation="http://www.loc.gov/MARC21/slim http://www.loc.gov/standards/marcxml/schema/MARC21slim.xsd"
    xmlns="http://www.loc.gov/MARC21/slim">

  <leader>01115cam a22002411i 4500</leader>
  <controlfield tag="003">OSt</controlfield>
  <controlfield tag="005">20260316134129.0</controlfield>
  <controlfield tag="008">260120s1895    ua     f      000 0 ara c</controlfield>
  <datafield tag="040" ind1=" " ind2=" ">
    <subfield code="a">SA-MaUQU</subfield>
    <subfield code="b">ara</subfield>
    <subfield code="c">SA-RiAUC</subfield>
    <subfield code="e">rda</subfield>
  </datafield>
  <datafield tag="043" ind1=" " ind2=" ">
    <subfield code="a">a-su---</subfield>
  </datafield>
  <datafield tag="082" ind1="0" ind2="4">
    <subfield code="a">346.53104344</subfield>
    <subfield code="q">SA-RiAUC</subfield>
  </datafield>
  <datafield tag="090" ind1=" " ind2=" ">
    <subfield code="a">&#x645; &#x646; 346.53104344</subfield>
    <subfield code="b">&#x645; &#x644; &#x62E;</subfield>
  </datafield>
  <datafield tag="245" ind1="0" ind2="0">
    <subfield code="a">&#x645;&#x644;&#x62E;&#x635; &#x627;&#x62E;&#x62A;&#x635;&#x627;&#x631;&#x64A; &#x641;&#x64A; &#x642;&#x636;&#x64A;&#x629; &#x62F;&#x648;&#x644;&#x62A;&#x644;&#x648; &#x633;&#x64A;&#x627;&#x62F;&#x62A;&#x648; &#x627;&#x644;&#x634;&#x631;&#x64A;&#x641; &#x639;&#x648;&#x646; &#x627;&#x644;&#x631;&#x641;&#x64A;&#x642; &#x628;&#x627;&#x634;&#x627; &#x623;&#x645;&#x64A;&#x631; &#x645;&#x643;&#x629; &#x627;&#x644;&#x645;&#x643;&#x631;&#x645;&#x629; &#x648;&#x633;&#x639;&#x627;&#x62F;&#x627;&#x62A; &#x623;&#x62E;&#x648;&#x627;&#x646;&#x647; &#x627;&#x644;&#x648;&#x643;&#x64A;&#x644; &#x627;&#x644;&#x634;&#x631;&#x639;&#x64A; &#x639;&#x646; &#x633;&#x639;&#x627;&#x62F;&#x62A;&#x647;&#x645; &#x62C;&#x646;&#x627;&#x628; &#x646;&#x642;&#x648;&#x644;&#x627; &#x645;&#x627;&#x631;&#x62F;&#x631;&#x648;&#x633; &#x636;&#x62F; &#x645;&#x62D;&#x631;&#x645; &#x628;&#x643; &#x645;&#x62D;&#x645;&#x62F;.</subfield>
  </datafield>
  <datafield tag="264" ind1=" " ind2="1">
    <subfield code="a">[&#x645;&#x643;&#x627;&#x646; &#x627;&#x644;&#x646;&#x634;&#x631; &#x63A;&#x64A;&#x631; &#x645;&#x62D;&#x62F;&#x62F;] :</subfield>
    <subfield code="b">[&#x627;&#x644;&#x646;&#x627;&#x634;&#x631; &#x63A;&#x64A;&#x631; &#x645;&#x62D;&#x62F;&#x62F;]&#x60C;</subfield>
    <subfield code="c">1895</subfield>
  </datafield>
  <datafield tag="264" ind1=" " ind2="3">
    <subfield code="a">&#x645;&#x635;&#x631; :</subfield>
    <subfield code="b">&#x645;&#x637;&#x628;&#x639;&#x629; &#x62C;&#x631;&#x64A;&#x62F;&#x629; &#x627;&#x644;&#x641;&#x644;&#x627;&#x62D;</subfield>
  </datafield>
  <datafield tag="300" ind1=" " ind2=" ">
    <subfield code="a">47 &#x635;&#x641;&#x62D;&#x629; &#x61B;</subfield>
    <subfield code="c">29 &#x633;&#x645;</subfield>
  </datafield>
  <datafield tag="336" ind1=" " ind2=" ">
    <subfield code="a">&#x646;&#x635;</subfield>
    <subfield code="b">txt</subfield>
    <subfield code="2">rdacontent</subfield>
    <subfield code="3">&#x643;&#x62A;&#x627;&#x628;</subfield>
  </datafield>
  <datafield tag="337" ind1=" " ind2=" ">
    <subfield code="a">&#x628;&#x62F;&#x648;&#x646; &#x648;&#x633;&#x64A;&#x637;</subfield>
    <subfield code="b">n</subfield>
    <subfield code="2">rdamedia</subfield>
  </datafield>
  <datafield tag="338" ind1=" " ind2=" ">
    <subfield code="a">&#x645;&#x62C;&#x644;&#x62F;</subfield>
    <subfield code="b">nc</subfield>
    <subfield code="2">rdacarrier</subfield>
  </datafield>
  <datafield tag="650" ind1=" " ind2="7">
    <subfield code="a">&#x639;&#x642;&#x648;&#x62F; &#x627;&#x644;&#x625;&#x64A;&#x62C;&#x627;&#x631;</subfield>
    <subfield code="x">&#x642;&#x648;&#x627;&#x646;&#x64A;&#x646; &#x648;&#x62A;&#x634;&#x631;&#x64A;&#x639;&#x627;&#x62A;</subfield>
    <subfield code="z">&#x627;&#x644;&#x633;&#x639;&#x648;&#x62F;&#x64A;&#x629;</subfield>
    <subfield code="2">aucsh</subfield>
  </datafield>
  <datafield tag="942" ind1=" " ind2=" ">
    <subfield code="2">ddc</subfield>
    <subfield code="c">RBOOK COPY</subfield>
    <subfield code="n">0</subfield>
  </datafield>
  <datafield tag="949" ind1=" " ind2=" ">
    <subfield code="a">SA-JeALM</subfield>
    <subfield code="d">260120</subfield>
    <subfield code="u">mohamedma123</subfield>
    <subfield code="n">1</subfield>
  </datafield>
  <datafield tag="952" ind1=" " ind2=" ">
    <subfield code="0">0</subfield>
    <subfield code="1">0</subfield>
    <subfield code="2">ddc</subfield>
    <subfield code="4">0</subfield>
    <subfield code="7">0</subfield>
    <subfield code="a">WAHAB</subfield>
    <subfield code="b">WAHAB</subfield>
    <subfield code="d">2026-03-16</subfield>
    <subfield code="l">0</subfield>
    <subfield code="o">&#x645; &#x646; 346.53104344  &#x645; &#x644; &#x62E;</subfield>
    <subfield code="p">000023150</subfield>
    <subfield code="r">2026-03-16 13:42:12</subfield>
    <subfield code="w">2026-03-16</subfield>
    <subfield code="y">RBOOK COPY</subfield>
  </datafield>
  <datafield tag="999" ind1=" " ind2=" ">
    <subfield code="c">14641</subfield>
    <subfield code="d">14641</subfield>
  </datafield>
</record>
